| 000 | 00858nam a22002057a 4500 | ||
|---|---|---|---|
| 999 |
_c17843 _d17843 |
||
| 003 | AR-CdUCM | ||
| 008 | 190509b ||||| |||| 00| 0 spa d | ||
| 040 |
_aMUNICIPALIDAD PROVINCIAL DEL CUSCO _cBIBLIOTECA MUNICIPAL DEL CUSCO |
||
| 082 |
_a985.009 / _bP79 |
||
| 100 |
_aPonce Sanchez, Hernan _938030 |
||
| 245 | _a50 anécdotas del sabio Tello / | ||
| 260 |
_aLima : _bEdit. La Universidad, _c1957. |
||
| 300 |
_a202 paginas ; _c20 cm. |
||
| 505 | _aContenido :La lagartija --La elección de su carrera --Atisbos científicos --El caballo del gobernador --Mala víspera --En la pension --El punto de partida --Con el gobernador de Huantan --Justo por pecador --Pobre pero no tanto --Korcholis --El brujo ... | ||
| 650 |
_aArqueólogos _938031 |
||
| 650 |
_aPerú _935 |
||
| 650 |
_aAnécdotas _92139 |
||
| 942 |
_2ddc _cLIBROS |
||
| 945 |
_arjall _d2019-05-09 |
||